[Event "Muscat-ch op"]
[Site "Muscat"]
[Date "2024.12.30"]
[Round "7"]
[White "Mohamed, Sara"]
[Black "Rudra, 1."]
[Result "0-1"]
[WhiteElo "1527"]
[BlackElo "1721"]
[PlyCount "130"]
[EventDate "2024.12.26"]
[EventType "swiss"]
[EventRounds "9"]
[EventCountry "OMN"]
[SourceTitle "CB01_2025"]
[SourceDate "2025.01.01"]
[SourceVersion "1"]
[SourceVersionDate "2025.01.01"]
[SourceQuality "1"]

1. e4 c6 2. d3 d5 3. Nd2 e5 4. g3 Nf6 5. Bg2 Bc5 6. h3 0-0 7. Ngf3 Re8 8. 0-0 Qc7 9. c3 dxe4 10. Nxe4 Nxe4 11. dxe4 Be6 12. Qe2 b5 13. b3 Nd7 14. Be3 Bb6 15. Rad1 Rad8 16. Ng5 Bxe3 17. Qxe3 f6 18. Nxe6 Rxe6 19. h4 Nb6 20. f4 Red6 21. Bf3 Rxd1 22. Bxd1 c5 23. fxe5 Qxe5 24. Qf3 c4 25. Be2 Re8 26. Rd1 Qxe4 27. Qxe4 Rxe4 28. Kf2 Re8 29. Bf3 Rc8 30. Bd5+ Nxd5 31. Rxd5 cxb3 32. axb3 a6 33. Rd3 Kf7 34. h5 Rc7 35. g4 g6 36. b4 gxh5 37. gxh5 f5 38. Kf3 Ke6 39. Kf4 h6 40. Kf3 Rc6 41. Ke2 Ke5 42. Rf3 f4 43. Rd3 Rd6 44. Rh3 Ke4 45. Ke1 Rd3 46. Rxd3 Kxd3 47. Kf2 Kxc3 48. Kf3 Kxb4 49. Kxf4 a5 50. Kf5 a4 51. Kg6 a3 52. Kxh6 a2 53. Kh7 a1Q 54. h6 Qh1 55. Kg7 Kc3 56. h7 b4 57. h8Q Qxh8+ 58. Kxh8 b3 59. Kg7 b2 60. Kf7 b1Q 61. Ke6 Kd4 62. Kf7 Ke5 63. Kg7 Qg1+ 64. Kf7 Qg4 65. Ke8 Qg7 0-1

[Event "OMA-ch Clubs 7th"]
[Site "Muscat"]
[Date "2024.07.14"]
[Round "5.3"]
[White "Mohamed, Sara"]
[Black "Aljabri, Salam Humaid"]
[Result "0-1"]
[WhiteElo "1584"]
[BlackElo "1735"]
[PlyCount "78"]
[EventDate "2024.07.11"]
[EventType "team-swiss"]
[EventRounds "9"]
[EventCountry "OMN"]
[SourceTitle "EXT 2025"]
[Source "ChessBase"]
[SourceDate "2024.10.14"]
[SourceVersion "1"]
[SourceVersionDate "2024.10.14"]
[SourceQuality "1"]
[WhiteTeam "Al Musanna"]
[BlackTeam "Saham"]
[WhiteTeamCountry "OMN"]
[BlackTeamCountry "OMN"]

1. Nf3 f5 2. d3 Nf6 3. Nbd2 e6 4. c3 Be7 5. Qc2 0-0 6. g3 b6 7. Bg2 Bb7 8. 0-0 Nc6 9. Re1 d6 10. e3 e5 11. Nf1 Qe8 12. h3 Qh5 13. N1h2 e4 14. Nd4 Ne5 15. Qb3+ Kh8 16. dxe4 fxe4 17. Qd1 Qf7 18. b3 Nd3 19. Re2 Nd7 20. Qc2 a6 21. b4 c5 22. bxc5 dxc5 23. Nb3 N7e5 24. Rb1 Qf5 25. Bb2 Rf7 26. Rf1 Raf8 27. Nc1 Qh5 28. c4 Nxb2 29. Qxb2 Nxc4 30. Qc2 b5 31. a4 Qf5 32. axb5 axb5 33. Nb3 Ne5 34. Nd2 Nf3+ 35. Kh1 c4 36. g4 Qe5 37. Bxf3 exf3 38. Ree1 Bd6 39. Nhxf3 Bxf3+ 0-1

[Event "OMA-ch Clubs 7th"]
[Site "Muscat"]
[Date "2024.07.11"]
[Round "1.3"]
[White "Al Maashani, Abdullah"]
[Black "Mohamed, Sara"]
[Result "1-0"]
[WhiteElo "1885"]
[BlackElo "1584"]
[PlyCount "61"]
[EventDate "2024.07.11"]
[EventType "team-swiss"]
[EventRounds "9"]
[EventCountry "OMN"]
[SourceTitle "EXT 2025"]
[Source "ChessBase"]
[SourceDate "2024.10.14"]
[SourceVersion "1"]
[SourceVersionDate "2024.10.14"]
[SourceQuality "1"]
[WhiteTeam "Masirah White"]
[BlackTeam "Al Musanna"]
[WhiteTeamCountry "OMN"]
[BlackTeamCountry "OMN"]

1. e4 c5 2. Nf3 Nc6 3. d4 cxd4 4. Nxd4 g6 5. Nc3 Bg7 6. Be3 Nf6 7. Bc4 0-0 8. 0-0 a6 9. Bb3 e6 10. f4 d5 11. e5 Nd7 12. a4 Nc5 13. Nxc6 bxc6 14. Bxc5 a5 15. Ne2 Re8 16. Nd4 Qc7 17. Qd2 Ba6 18. Rf3 Rab8 19. Rc3 Bf8 20. Bxf8 Kxf8 21. Rxc6 Qb7 22. Re1 Qa7 23. Kh1 Kg7 24. Re3 Rec8 25. Rh3 h5 26. f5 exf5 27. Nxf5+ Kf8 28. Qh6+ Ke8 29. e6 fxe6 30. Qxg6+ Kd7 31. Qxe6+ 1-0